000
00297nam a22001217a 4500
008
180104b xxu||||| |||| 00| 0 eng d
041
_a
eng
080
_a
159.9
100
_a
49
101
_a
PSI
245
_a
DEVELOPMENT IN EARLY CHIDHOOD PRESCHOOL TEARS
_c
CARDDNER.D.B
942
_2
udc
_c
BK
999
_c
39696
_d
39696